00481nam a2200145Ia 4500008004100000100002200041245008500063245005100148260005900199260000900258300000900267650001800276650001500294856002600309170221s9999 xx 000 0 und d aIro Sani Abdullah 4aThe Role of Humor in the Construction of Satire in Nigerian Political Cartoons  cIro Sani Abdullah, M.H. Ali, A.M Abdullah, F.S bOnline Journal of Communication and Media Technologies c2015 a14 : xCommunication xMedia Arts uhttp://www.ojcmt.net/